| 000 | 00772nam a22002537a 4500 | ||
|---|---|---|---|
| 003 | CHAP | ||
| 005 | 20220817041620.0 | ||
| 008 | 971013s r 00010 d | ||
| 010 | _a19771 | ||
| 011 | _a20743 | ||
| 035 | _a24831 | ||
| 040 | _cCHAP | ||
| 082 |
_a633.11 _bC4d |
||
| 110 | _aCentro Internacional de Mejoramiento de Maíz y Trigo | ||
| 245 | _aResults of the international durum wheat screening nursery (IDSN) 19 - 19 | ||
| 260 |
_a(México : _bEl Centro), _c19 -- |
||
| 300 | _av. | ||
| 590 |
_aBATCH-UPD _b10 _c20130110 _lUCH01 _h1735 |
||
| 590 |
_aCONVERSION _b10 _c20130109 _lUCH01 _h1312 |
||
| 650 | 1 | 4 |
_aTrigo cristalino. _9115136 |
| 901 | _aBK | ||
| 942 | _cLIBRO | ||
| 949 |
_a633.11 C4d _bBC _cLIBRO _d33724000192829 _eLIBRO _f1978-79 _h60537 _i24831 _si |
||
| 999 |
_c19771 _d19771 |
||